[Event "Asia Cities-ch 19th"]
[Site "Kalutara "]
[Date "2015.07.25"]
[Round "5"]
[White "Kamis, Kamarunsalehin"]
[Black "Zulkifli, Muhd Syazwan"]
[Result "0-1"]
[WhiteElo "2030"]
[BlackElo "2070"]
[PlyCount "72"]
[EventDate "2015.07.22"]
[EventType "team-tourn"]
[EventRounds "9"]
[EventCountry "SRI"]
[SourceTitle "EXT 2020"]
[Source "ChessBase"]
[SourceDate "2019.10.17"]
[SourceVersion "1"]
[SourceVersionDate "2019.10.17"]
[SourceQuality "1"]
[WhiteTeam "Bandar Seri Begawan"]
[BlackTeam "Shah Alam"]
[WhiteTeamCountry "BRN"]
[BlackTeamCountry "MAS"]

1. d4 Nf6 2. c4 e6 3. Nc3 Bb4 4. e3 0-0 5. Nge2 Qe7 6. a3 Bxc3+ 7. Nxc3 d5 8. Bd3 c6 9. 0-0 dxc4 10. Bxc4 e5 11. b4 Be6 12. Qb3 Bxc4 13. Qxc4 Nbd7 14. Bb2 Nb6 15. Qb3 exd4 16. exd4 Qd6 17. Rad1 Nbd5 18. g3 Nxc3 19. Qxc3 Nd5 20. Qc5 Qg6 21. b5 Nf4 22. Qe5 Nh3+ 23. Kg2 Rfe8 24. Qc7 Ng5 25. Rfe1 Qf5 26. Qf4 Qd5+ 27. f3 Qxb5 28. Qd2 Qf5 29. Rf1 Rad8 30. g4 Qd5 31. Rc1 h6 32. h4 Ne6 33. Rfd1 Qd6 34. Qb4 Nf4+ 35. Kf1 Qd5 36. Qc3 Qb5+ 0-1

[Event "Asia Cities-ch 19th"]
[Site "Kalutara "]
[Date "2015.07.25"]
[Round "6"]
[White "Tamra, Attallah"]
[Black "Kamis, Kamarunsalehin"]
[Result "1-0"]
[WhiteElo "2053"]
[BlackElo "2030"]
[PlyCount "99"]
[EventDate "2015.07.22"]
[EventType "team-tourn"]
[EventRounds "9"]
[EventCountry "SRI"]
[SourceTitle "EXT 2020"]
[Source "ChessBase"]
[SourceDate "2019.10.17"]
[SourceVersion "1"]
[SourceVersionDate "2019.10.17"]
[SourceQuality "1"]
[WhiteTeam "Al Quds (Jerusalem)"]
[BlackTeam "Bandar Seri Begawan"]
[WhiteTeamCountry "PLE"]
[BlackTeamCountry "BRN"]

1. Nf3 Nf6 2. c4 g6 3. g3 Bg7 4. Nc3 c5 5. Bg2 Nc6 6. d4 cxd4 7. Nxd4 0-0 8. 0-0 Qa5 9. Nc2 d6 10. Bd2 Qh5 11. e4 Bg4 12. f3 Be6 13. Nd5 Bxd5 14. cxd5 Ne5 15. Bc3 Ned7 16. Nd4 a6 17. Ne2 Bh6 18. Qd4 Bg7 19. Nf4 Qh6 20. Qd2 g5 21. Nd3 Nh5 22. Rac1 Rfc8 23. Nf2 Qg6 24. Bh3 Bxc3 25. Rxc3 Rxc3 26. Qxc3 Ne5 27. Ng4 Nxg4 28. Bxg4 Ng7 29. Qc7 Qf6 30. Qxb7 Qd4+ 31. Rf2 Qa7 32. Qxa7 Rxa7 33. Rc2 h5 34. Bh3 Kh7 35. Bf1 Ne8 36. Rc6 Nc7 37. b4 f5 38. Bd3 fxe4 39. fxe4 Kg7 40. Kf2 Kf6 41. Ke3 Ke5 42. Rb6 h4 43. gxh4 gxh4 44. a4 a5 45. b5 e6 46. dxe6 Kxe6 47. Rb8 Ra8 48. Rb7 Rc8 49. Bf1 Nd5+ 50. exd5+ 1-0

[Event "Olympiad-41"]
[Site "Tromsoe"]
[Date "2014.08.09"]
[Round "7.4"]
[White "Kamis, Kamarunsalehin"]
[Black "Jameson, David"]
[Result "1/2-1/2"]
[WhiteElo "1977"]
[BlackElo "2125"]
[PlyCount "87"]
[EventDate "2014.08.02"]
[EventType "team-swiss"]
[EventRounds "11"]
[EventCountry "NOR"]
[SourceTitle "CBM 162"]
[Source "ChessBase"]
[SourceDate "2014.09.17"]
[SourceVersion "1"]
[SourceVersionDate "2014.09.17"]
[SourceQuality "1"]
[WhiteTeam "Brunei"]
[BlackTeam "Wales"]
[WhiteTeamCountry "BRN"]
[BlackTeamCountry "WLS"]

1. d4 Nf6 2. c4 c5 3. Nf3 g6 4. Nc3 cxd4 5. Nxd4 Bg7 6. e4 d6 7. Be2 0-0 8. Be3 Nc6 9. 0-0 a6 10. Qd2 Bd7 11. Rac1 Nxd4 12. Bxd4 Bc6 13. f3 Rc8 14. Rfd1 Nd7 15. Be3 Re8 16. Nd5 Nf6 17. Nb6 Rb8 18. a4 Nd7 19. a5 Nxb6 20. Bxb6 Qd7 21. b3 Qe6 22. Rb1 Qe5 23. b4 Rec8 24. b5 axb5 25. cxb5 Bd7 26. Qe3 Rc3 27. Rd3 Rc2 28. Bd4 Qe6 29. Bxg7 Kxg7 30. Rdb3 f5 31. Bd3 Ra2 32. Qd4+ Qf6 33. Qxf6+ Kxf6 34. a6 Be6 35. Rb4 fxe4 36. fxe4 Bc8 37. axb7 Rxb7 38. Bc4 Rc2 39. Bd5 Rb6 40. R1b2 Rxb2 41. Rxb2 Bb7 42. Bxb7 Rxb7 43. Kf2 Ke5 44. Ke3 1/2-1/2

[Event "World Amateur-ch"]
[Site "Iasi"]
[Date "2013.04.29"]
[Round "8"]
[White "Kamis, Kamarunsalehin"]
[Black "Iorga, Corneliu"]
[Result "1-0"]
[WhiteElo "1884"]
[BlackElo "1666"]
[PlyCount "65"]
[EventDate "2013.04.22"]
[EventType "swiss"]
[EventRounds "9"]
[EventCountry "ROU"]
[SourceTitle "CBM 154 Extra"]
[Source "ChessBase"]
[SourceDate "2013.06.25"]
[SourceVersion "2"]
[SourceVersionDate "2013.06.25"]
[SourceQuality "1"]

1. d4 c5 2. e3 b6 3. Nf3 Bb7 4. Be2 g6 5. c4 Bg7 6. Nc3 f5 7. d5 Nf6 8. Qc2 d6 9. Ng5 Bc8 10. Bf3 a6 11. Ne6 Bxe6 12. dxe6 Ra7 13. e4 fxe4 14. Nxe4 Nxe4 15. Bxe4 0-0 16. h4 Qc8 17. Be3 Nc6 18. Qe2 Nd4 19. Qg4 Nf5 20. h5 Nxe3 21. fxe3 Bxb2 22. Rd1 Bc3+ 23. Ke2 Bg7 24. hxg6 h6 25. Qh4 d5 26. Bxd5 Qe8 27. Rdf1 Rxf1 28. Rxf1 Qa4 29. Rf7 Qxa2+ 30. Kf3 Qb2 31. Qf4 Bf6 32. g7 Qa1 33. Qb8+ 1-0

[Event "World Amateur-ch"]
[Site "Iasi"]
[Date "2013.04.28"]
[Round "7"]
[White "Dinca, Ovidiu"]
[Black "Kamis, Kamarunsalehin"]
[Result "1-0"]
[WhiteElo "1976"]
[BlackElo "1884"]
[PlyCount "111"]
[EventDate "2013.04.22"]
[EventType "swiss"]
[EventRounds "9"]
[EventCountry "ROU"]
[SourceTitle "CBM 154 Extra"]
[Source "ChessBase"]
[SourceDate "2013.06.25"]
[SourceVersion "2"]
[SourceVersionDate "2013.06.25"]
[SourceQuality "1"]

1. d4 Nf6 2. Nf3 e6 3. Bg5 Be7 4. c4 b6 5. Nc3 Bb7 6. e3 h6 7. Bh4 Ne4 8. Bxe7 Qxe7 9. Qc2 Nxc3 10. Qxc3 Bxf3 11. gxf3 Qf6 12. Be2 d6 13. 0-0-0 Nd7 14. f4 c5 15. Qa3 cxd4 16. Qxd6 Qe7 17. Qxd4 Nf6 18. Qe5 0-0 19. f5 Nd7 20. Qc7 Rfd8 21. fxe6 Qxe6 22. Rhg1 Rac8 23. Qg3 g6 24. Rd6 Qe8 25. Rgd1 Nf8 26. Qf4 Rxd6 27. Rxd6 b5 28. Kb1 Ne6 29. Qe4 Qe7 30. Rd1 Qb4 31. a3 Qa4 32. Qb7 Rxc4 33. Qb8+ Kh7 34. Rd2 Rc5 35. Bd1 Qc4 36. Qd6 Rc6 37. Qd3 a5 38. Qxc4 Rxc4 39. Rd7 Rc7 40. Rxc7 Nxc7 41. Kc2 Kg7 42. Kd3 Kf6 43. Kd4 Kg5 44. Kc5 Kh4 45. Kb6 Kh3 46. Kxc7 Kxh2 47. Bb3 f5 48. Bd5 Kg1 49. f3 h5 50. e4 f4 51. e5 g5 52. e6 h4 53. e7 h3 54. e8Q h2 55. Qe1+ Kg2 56. Kb6 1-0

[Event "World Amateur-ch"]
[Site "Iasi"]
[Date "2013.04.27"]
[Round "6"]
[White "Kamis, Kamarunsalehin"]
[Black "Gorea, Stefan Alin"]
[Result "1-0"]
[WhiteElo "1884"]
[BlackElo "1640"]
[PlyCount "87"]
[EventDate "2013.04.22"]
[EventType "swiss"]
[EventRounds "9"]
[EventCountry "ROU"]
[SourceTitle "CBM 154 Extra"]
[Source "ChessBase"]
[SourceDate "2013.06.25"]
[SourceVersion "2"]
[SourceVersionDate "2013.06.25"]
[SourceQuality "1"]

1. d4 d5 2. c4 e6 3. Nc3 Nf6 4. cxd5 exd5 5. Bf4 Bd6 6. Bxd6 Qxd6 7. Qc2 Nc6 8. e3 a6 9. a3 Be6 10. Nf3 h6 11. Bd3 b5 12. 0-0 0-0 13. Rac1 b4 14. Na4 Bd7 15. Nc5 Bc8 16. Qa4 bxa3 17. bxa3 a5 18. Rb1 Nd7 19. Bb5 Nb6 20. Qc2 Na7 21. Bd3 Nc6 22. Rfc1 Nb8 23. Ne5 Ra7 24. h3 N8d7 25. Nf3 Re8 26. Bb5 Re7 27. Nh4 g6 28. Nf3 c6 29. Bd3 Na8 30. Nxd7 Bxd7 31. Qc5 Qxc5 32. Rxc5 Be8 33. Ne5 Re6 34. Rb8 Kg7 35. Bc2 f6 36. Nd3 h5 37. Ba4 Kh6 38. Nf4 Ree7 39. Bxc6 Bxc6 40. Rxc6 Nc7 41. Rxf6 Rg7 42. h4 a4 43. Rh8+ Rh7 44. Rxg6# 1-0

[Event "Brunei Campomanes Memorial"]
[Site "Bandar Seri Begawan"]
[Date "2012.04.11"]
[Round "7"]
[White "Zulkipli, Zaidan"]
[Black "Kamis, Kamarunsalehin"]
[Result "1-0"]
[WhiteElo "2066"]
[BlackElo "1821"]
[PlyCount "121"]
[EventDate "2012.04.08"]
[EventType "swiss"]
[EventRounds "9"]
[EventCountry "BRN"]
[SourceTitle "CBM 147 Extra"]
[Source "ChessBase"]
[SourceDate "2012.04.24"]
[SourceVersion "1"]
[SourceVersionDate "2012.04.24"]
[SourceQuality "1"]

1. d4 d5 2. c4 c6 3. Nf3 Nf6 4. e3 e6 5. Qc2 Nbd7 6. Nbd2 a6 7. Bd3 g6 8. b3 Bg7 9. Bb2 b5 10. 0-0 0-0 11. Rfe1 e5 12. Nxe5 Nxe5 13. dxe5 Nd7 14. f4 Nc5 15. cxb5 Nxd3 16. Qxd3 axb5 17. Nf3 Qb6 18. Rec1 Bf5 19. Qd4 Rfb8 20. Qxb6 Rxb6 21. Nd4 Bd7 22. a3 Bf8 23. b4 Be7 24. Kf2 Rc8 25. Nb3 Ra6 26. h3 Bf5 27. Nd4 Bd3 28. Rc3 Bc4 29. f5 c5 30. bxc5 Bxc5 31. f6 Bxd4 32. exd4 Kf8 33. Rcc1 Ke8 34. Bc3 Kd7 35. Bb4 Ke6 36. Ke3 Raa8 37. Rc3 Rc6 38. Rac1 Rca6 39. h4 Re8 40. Kf4 Raa8 41. R1c2 h5 42. Rg3 Rh8 43. Ke3 Rhe8 44. Rg5 Rh8 45. Rc1 Rh7 46. Kd2 Rhh8 47. Bc5 Rac8 48. Bd6 Rcd8 49. Rc3 Ra8 50. Rgg3 Rhc8 51. Rgf3 Rh8 52. Rc1 Rhc8 53. Rfc3 Ra6 54. Rf1 Raa8 55. Rb1 Rg8 56. Rg3 Rh8 57. Rg5 Rac8 58. Rb4 Ra8 59. Rg3 Ra6 60. Rc3 Rha8 61. Rb2 1-0

[Event "London Classic Busy op"]
[Site "London"]
[Date "2010.12.11"]
[Round "2"]
[White "Kamis, Kamarunsalehin"]
[Black "Musthapha, Othman"]
[Result "1-0"]
[WhiteElo "1825"]
[BlackElo "1699"]
[PlyCount "81"]
[EventDate "2010.12.11"]
[EventType "swiss"]
[EventRounds "5"]
[EventCountry "ENG"]
[SourceTitle "CBM 139 Extra"]
[Source "ChessBase"]
[SourceDate "2011.01.05"]
[SourceVersion "1"]
[SourceVersionDate "2011.01.05"]
[SourceQuality "1"]

1. d4 Nf6 2. c4 g6 3. Nc3 Bg7 4. e4 d6 5. Nf3 0-0 6. Be2 Nbd7 7. 0-0 c5 8. d5 Re8 9. Re1 a6 10. a4 b6 11. Bd3 Ng4 12. h3 Nge5 13. Nxe5 Nxe5 14. f4 Nxd3 15. Qxd3 Ra7 16. Qf3 e6 17. Be3 exd5 18. Nxd5 Be6 19. Red1 Bxb2 20. Rab1 Bxd5 21. Rxd5 Bg7 22. Rbd1 Rd7 23. e5 Re6 24. a5 Qc7 25. Qf2 bxa5 26. Bxc5 Qc6 27. Rxd6 Rdxd6 28. Rxd6 Rxd6 29. exd6 g5 30. g3 gxf4 31. gxf4 a4 32. f5 Bf6 33. Qg2+ Qxg2+ 34. Kxg2 Be5 35. d7 Bf6 36. Ba3 Bd8 37. c5 Kg7 38. c6 Kf6 39. Bd6 a3 40. c7 Kxf5 41. cxd8Q 1-0

[Event "Hampshire op"]
[Site "Eastleigh"]
[Date "2010.11.14"]
[Round "6"]
[White "Kamis, Kamarunsalehin"]
[Black "Lawson, Maurice Elliot"]
[Result "0-1"]
[WhiteElo "1825"]
[BlackElo "1832"]
[PlyCount "64"]
[EventDate "2010.11.12"]
[EventType "swiss"]
[EventRounds "6"]
[EventCountry "ENG"]
[SourceTitle "EXT 2011"]
[Source "ChessBase"]
[SourceDate "2010.11.26"]
[SourceVersion "1"]
[SourceVersionDate "2010.11.26"]
[SourceQuality "1"]

1. d4 f5 2. c4 Nf6 3. Nf3 e6 4. g3 d5 5. Bg2 c6 6. 0-0 Bd6 7. c5 Bc7 8. Bg5 0-0 9. Nc3 Nbd7 10. b4 Qe8 11. Bxf6 Rxf6 12. b5 e5 13. e3 e4 14. Nd2 g5 15. bxc6 bxc6 16. f4 gxf4 17. gxf4 Ba6 18. Rf2 Rg6 19. Kh1 Nf6 20. Bh3 Ng4 21. Bxg4 Rxg4 22. Qa4 Bd3 23. Rg1 a5 24. Rfg2 Qd7 25. Nxd5 Qxd5 26. Rxg4+ fxg4 27. Rxg4+ Kf7 28. Rg5 Qe6 29. d5 cxd5 30. Qd4 Rg8 31. Rxd5 Qg4 32. Rd7+ Ke8 0-1